[Event "Trois-Rivieres op"]
[Site "Trois Rivieres"]
[Date "2018.03.18"]
[Round "5.12"]
[White "Leger, Maxime"]
[Black "Chabot, Roland"]
[Result "1/2-1/2"]
[WhiteElo "2046"]
[BlackElo "2150"]
[PlyCount "51"]
[EventDate "2018.03.16"]
[EventType "swiss"]
[EventRounds "5"]
[EventCountry "CAN"]
[SourceTitle "EXT 2022"]
[Source "ChessBase"]
[SourceDate "2021.10.06"]
[SourceVersion "1"]
[SourceVersionDate "2021.10.06"]
[SourceQuality "1"]

1. g3 e5 2. Bg2 Nf6 3. c3 d6 4. d4 Nbd7 5. Nf3 Be7 6. 0-0 c6 7. a4 a5 8. dxe5 dxe5 9. Na3 Qc7 10. Nc4 0-0 11. Qb3 Nc5 12. Qc2 Ncd7 13. h3 Re8 14. e4 b5 15. Ne3 bxa4 16. Rxa4 Nc5 17. Ra1 a4 18. Re1 Be6 19. Nd2 Nfd7 20. Bf1 Nb3 21. Nxb3 Bxb3 22. Qe2 Nc5 23. Qf3 Red8 24. Bc4 Bxc4 25. Nxc4 f6 26. Be3 1/2-1/2

[Event "Trois-Rivieres op"]
[Site "Trois Rivieres"]
[Date "2018.03.17"]
[Round "2.23"]
[White "Dumouchel, Alain"]
[Black "Leger, Maxime"]
[Result "0-1"]
[WhiteElo "1863"]
[BlackElo "2046"]
[PlyCount "64"]
[EventDate "2018.03.16"]
[EventType "swiss"]
[EventRounds "5"]
[EventCountry "CAN"]
[SourceTitle "EXT 2022"]
[Source "ChessBase"]
[SourceDate "2021.10.06"]
[SourceVersion "1"]
[SourceVersionDate "2021.10.06"]
[SourceQuality "1"]

1. d4 g6 2. e4 Bg7 3. Nc3 d5 4. exd5 Nf6 5. Bb5+ Nbd7 6. Nf3 0-0 7. Bg5 Nb6 8. h3 Nbxd5 9. Nxd5 Nxd5 10. 0-0 c6 11. Bd3 Qd6 12. Re1 Be6 13. Qd2 f6 14. Bh6 Bf7 15. Re4 g5 16. Bxg5 fxg5 17. Nxg5 Bg6 18. Rg4 Rf4 19. Bxg6 hxg6 20. Rxf4 Qxf4 21. Qxf4 Nxf4 22. c3 Bf6 23. Ne4 Kf7 24. a4 a5 25. Kh2 b6 26. Ra3 Rb8 27. Rb3 Nd3 28. Nc5 Nxc5 29. dxc5 b5 30. f4 Ke6 31. axb5 Rxb5 32. Rxb5 cxb5 0-1

[Event "Trois-Rivieres op"]
[Site "Trois Rivieres"]
[Date "2018.03.16"]
[Round "1.5"]
[White "Leger, Maxime"]
[Black "Voloaca, Mihnea"]
[Result "0-1"]
[WhiteElo "2046"]
[BlackElo "2341"]
[PlyCount "130"]
[EventDate "2018.03.16"]
[EventType "swiss"]
[EventRounds "5"]
[EventCountry "CAN"]
[SourceTitle "EXT 2022"]
[Source "ChessBase"]
[SourceDate "2021.10.06"]
[SourceVersion "1"]
[SourceVersionDate "2021.10.06"]
[SourceQuality "1"]

1. e4 g6 2. d4 Bg7 3. f4 c5 4. dxc5 Qa5+ 5. Bd2 Qxc5 6. Nc3 d6 7. Bb5+ Nc6 8. Nd5 Kd8 9. Bc3 Bxc3+ 10. Nxc3 Qe3+ 11. Nge2 Nf6 12. Qd3 Ng4 13. Nd1 Qxd3 14. Bxd3 Nb4 15. h3 Nf6 16. Ne3 b6 17. Rd1 Bb7 18. Nc3 Rc8 19. 0-0 Ke8 20. e5 Nxd3 21. Rxd3 Nd7 22. Rfd1 Nc5 23. R3d2 dxe5 24. fxe5 Kf8 25. Ned5 Kg7 26. e6 fxe6 27. Nxe7 Rc7 28. b4 Ne4 29. Nxe4 Bxe4 30. Rd7 Rxc2 31. Nf5+ Kf6 32. Nd6 Rxg2+ 33. Kf1 Bc6 34. Rf7+ Kg5 35. Rc7 Rf8+ 36. Nf7+ Rxf7+ 37. Rxf7 Rxa2 38. Rxh7 a5 39. Rd6 Bd5 40. Rxb6 a4 41. Rb5 Kf4 42. Ra5 Ke3 43. Kg1 a3 44. Rha7 Ra1+ 45. Kh2 a2 46. Ra3+ Kf2 47. Rf7+ Ke2 48. Rfa7 g5 49. R3a5 Kf2 50. Rf7+ Bf3 51. Rxf3+ Kxf3 52. b5 e5 53. b6 e4 54. Rf5+ Ke3 55. Ra5 Rb1 56. Rxa2 Rxb6 57. Ra5 Kf4 58. Kg2 Rb2+ 59. Kf1 Rh2 60. Ra3 Rd2 61. Ke1 Rd3 62. Rxd3 exd3 63. Kd2 Kg3 64. Kxd3 Kxh3 65. Ke2 g4 0-1

[Event "Granby op"]
[Site "Granby"]
[Date "2017.11.25"]
[Round "3"]
[White "Masse, Hugues"]
[Black "Leger, Maxime"]
[Result "1/2-1/2"]
[WhiteElo "2250"]
[BlackElo "1984"]
[PlyCount "64"]
[EventDate "2017.11.24"]
[EventType "swiss"]
[EventRounds "5"]
[EventCountry "CAN"]
[SourceTitle "EXT 2022"]
[Source "ChessBase"]
[SourceDate "2021.10.06"]
[SourceVersion "1"]
[SourceVersionDate "2021.10.06"]
[SourceQuality "1"]

1. e4 g6 2. d4 Bg7 3. Nc3 d5 4. exd5 Nf6 5. Bc4 Nbd7 6. Bb3 Nb6 7. Qf3 Bg4 8. Qg3 Bf5 9. Nf3 Nfxd5 10. Nxd5 Nxd5 11. c3 a5 12. a4 c6 13. 0-0 0-0 14. Re1 Re8 15. Ne5 Be6 16. Bc2 Qd6 17. Nd3 Qxg3 18. hxg3 Bf5 19. Re2 e5 20. dxe5 Bxe5 21. Bh6 Bg7 22. Rxe8+ Rxe8 23. Bxg7 Kxg7 24. Kf1 Nb6 25. Rd1 Nc4 26. Bb3 Be6 27. Nc5 Bg4 28. Rd4 Be2+ 29. Kg1 b5 30. axb5 cxb5 31. Bxc4 Bxc4 32. b3 Re5 1/2-1/2

[Event "Granby op"]
[Site "Granby"]
[Date "2017.11.24"]
[Round "1"]
[White "Papineau, Daniel"]
[Black "Leger, Maxime"]
[Result "1/2-1/2"]
[WhiteElo "2053"]
[BlackElo "1984"]
[PlyCount "28"]
[EventDate "2017.11.24"]
[EventType "swiss"]
[EventRounds "5"]
[EventCountry "CAN"]
[SourceTitle "EXT 2022"]
[Source "ChessBase"]
[SourceDate "2021.10.06"]
[SourceVersion "1"]
[SourceVersionDate "2021.10.06"]
[SourceQuality "1"]

1. d4 d5 2. c4 c6 3. Nf3 Nf6 4. e3 e6 5. Nc3 a6 6. a3 Bd6 7. Bd3 Nbd7 8. 0-0 0-0 9. Qc2 Re8 10. Rd1 Qc7 11. e4 dxe4 12. Nxe4 Nxe4 13. Bxe4 Nf6 14. Bd3 h6 1/2-1/2

[Event "Montreal CMA Futurity ABCD"]
[Site "Montreal"]
[Date "2017.02.11"]
[Round "2"]
[White "Zumsteg, Nicolas"]
[Black "Leger, Maxime"]
[Result "1/2-1/2"]
[WhiteElo "1910"]
[BlackElo "1883"]
[PlyCount "101"]
[EventDate "2017.02.10"]
[EventType "swiss"]
[EventRounds "5"]
[EventCountry "CAN"]
[SourceTitle "EXT 2022"]
[Source "ChessBase"]
[SourceDate "2021.10.06"]
[SourceVersion "1"]
[SourceVersionDate "2021.10.06"]
[SourceQuality "1"]

1. e4 c5 2. Ne2 e6 3. Nbc3 Nc6 4. g3 Nf6 5. Bg2 d5 6. exd5 exd5 7. 0-0 Bg4 8. d3 Be7 9. Bg5 Nd4 10. f3 Be6 11. Nf4 0-0 12. Nxe6 Nxe6 13. Bd2 Nd4 14. Ne2 Nxe2+ 15. Qxe2 Re8 16. Be3 Qd7 17. a4 a5 18. c4 Bf8 19. Qd2 g6 20. b3 Rad8 21. Rad1 b6 22. Bg5 Bg7 23. Qf2 dxc4 24. bxc4 Qxa4 25. Rb1 Rxd3 26. Rxb6 Ng4 27. fxg4 Bd4 28. Qxd4 Rxd4 29. Bc6 Qxc4 30. Bxe8 f5 31. gxf5 gxf5 32. Rf6 Qe2 33. Bf7+ Kg7 34. R6xf5 Rd1 35. R5f2 Rxf1+ 36. Rxf1 Qg4 37. Bd2 Qd4+ 38. Rf2 c4 39. Kg2 c3 40. Bc1 c2 41. Bb3 Qe4+ 42. Kh3 Qd4 43. Rxc2 Qd7+ 44. Kh4 Qe7+ 45. Bg5 Qb4+ 46. Bc4 h6 47. Bd2 Qa4 48. Rc1 Qa3 49. Bc3+ Kh7 50. Bd3+ Kg8 51. Bc4+ 1/2-1/2